<?xml version="1.0" encoding="UTF-8"?>
<record
    xmlns:xsi="http://www.w3.org/2001/XMLSchema-instance"
    xsi:schemaLocation="http://www.loc.gov/MARC21/slim http://www.loc.gov/standards/marcxml/schema/MARC21slim.xsd"
    xmlns="http://www.loc.gov/MARC21/slim">

  <leader>01644nam a2200385 i 4500</leader>
  <controlfield tag="003">CL-SaCFP</controlfield>
  <controlfield tag="005">20260413172446.0</controlfield>
  <controlfield tag="007">ta</controlfield>
  <controlfield tag="008">250425s2025    amcach   c    000 0 spa  </controlfield>
  <datafield tag="020" ind1=" " ind2=" ">
    <subfield code="a">9789567629756</subfield>
  </datafield>
  <datafield tag="040" ind1=" " ind2=" ">
    <subfield code="c">CL</subfield>
  </datafield>
  <datafield tag="043" ind1=" " ind2=" ">
    <subfield code="a">s-cl---</subfield>
  </datafield>
  <datafield tag="082" ind1="0" ind2="4">
    <subfield code="a">983.003 I61 2025</subfield>
    <subfield code="2">21</subfield>
  </datafield>
  <datafield tag="245" ind1="0" ind2="0">
    <subfield code="a">Internet de papel :</subfield>
    <subfield code="b">la enciclopedia chilena de la Biblioteca del Congreso Nacional 1948-1971</subfield>
    <subfield code="k">cat&#xE1;logo</subfield>
    <subfield code="c">coordinadora: Macarena Ponce de Le&#xF3;n Atria.</subfield>
  </datafield>
  <datafield tag="246" ind1="3" ind2="0">
    <subfield code="a">La enciclopedia chilena de la Biblioteca del Congreso Nacional 1948-1971</subfield>
  </datafield>
  <datafield tag="250" ind1=" " ind2=" ">
    <subfield code="a">Primera edici&#xF3;n 2025.</subfield>
  </datafield>
  <datafield tag="264" ind1=" " ind2="1">
    <subfield code="a">Santiago de Chile :</subfield>
    <subfield code="b">Ediciones Biblioteca del Congreso Nacional Chile,</subfield>
    <subfield code="c">2025.</subfield>
  </datafield>
  <datafield tag="264" ind1=" " ind2="3">
    <subfield code="a">[Chile] :</subfield>
    <subfield code="b">Feyser etiquetas Spa.,</subfield>
    <subfield code="c">2025.</subfield>
  </datafield>
  <datafield tag="264" ind1=" " ind2="4">
    <subfield code="c">c2025</subfield>
  </datafield>
  <datafield tag="300" ind1=" " ind2=" ">
    <subfield code="a">112 p&#xE1;ginas :</subfield>
    <subfield code="b">ilustraciones (algunas en color), retratos, facs&#xED;miles ;</subfield>
    <subfield code="c">23 cm.</subfield>
  </datafield>
  <datafield tag="336" ind1=" " ind2=" ">
    <subfield code="a">texto</subfield>
    <subfield code="b">txt</subfield>
    <subfield code="2">rdacontent</subfield>
  </datafield>
  <datafield tag="337" ind1=" " ind2=" ">
    <subfield code="a">no mediado</subfield>
    <subfield code="b">n</subfield>
    <subfield code="2">rdamedia</subfield>
  </datafield>
  <datafield tag="338" ind1=" " ind2=" ">
    <subfield code="a">volumen</subfield>
    <subfield code="b">nc</subfield>
    <subfield code="2">rdacarrier</subfield>
  </datafield>
  <datafield tag="500" ind1=" " ind2=" ">
    <subfield code="a">Texto a dos columnas.</subfield>
  </datafield>
  <datafield tag="585" ind1=" " ind2=" ">
    <subfield code="a">Exposici&#xF3;n realizada en el edificio del la Sala Chile del Congreso Nacional en la sede de Santiago de Chile y en la sede de Valpara&#xED;so, entre diciembre de 2024 y junio de 2025.</subfield>
  </datafield>
  <datafield tag="610" ind1="2" ind2="7">
    <subfield code="a">Biblioteca del Congreso Nacional (Chile)</subfield>
    <subfield code="x">Historia</subfield>
  </datafield>
  <datafield tag="650" ind1=" " ind2="7">
    <subfield code="a">Enciclopedias y diccionarios espa&#xF1;oles</subfield>
    <subfield code="z">Chile</subfield>
    <subfield code="v">Exposiciones</subfield>
  </datafield>
  <datafield tag="650" ind1=" " ind2="7">
    <subfield code="a">Bibliotecas</subfield>
    <subfield code="z">Chile</subfield>
    <subfield code="x">Historia</subfield>
    <subfield code="y">Siglo 20</subfield>
  </datafield>
  <datafield tag="655" ind1=" " ind2="7">
    <subfield code="a">Enciclopedias</subfield>
  </datafield>
  <datafield tag="655" ind1=" " ind2="7">
    <subfield code="a">Exposiciones</subfield>
  </datafield>
  <datafield tag="655" ind1=" " ind2="7">
    <subfield code="a">Cat&#xE1;logos de exposiciones</subfield>
  </datafield>
  <datafield tag="700" ind1="1" ind2=" ">
    <subfield code="a">Ponce de Le&#xF3;n Atria, Macarena</subfield>
    <subfield code="e">coordinadora</subfield>
  </datafield>
  <datafield tag="710" ind1="2" ind2=" ">
    <subfield code="a">Biblioteca del Congreso Nacional (Chile)</subfield>
  </datafield>
  <datafield tag="942" ind1=" " ind2=" ">
    <subfield code="2">ddc</subfield>
    <subfield code="c">MN</subfield>
  </datafield>
  <datafield tag="952" ind1=" " ind2=" ">
    <subfield code="0">0</subfield>
    <subfield code="1">0</subfield>
    <subfield code="2">ddc</subfield>
    <subfield code="4">0</subfield>
    <subfield code="7">0</subfield>
    <subfield code="8">CG</subfield>
    <subfield code="a">BC</subfield>
    <subfield code="b">BC</subfield>
    <subfield code="c">CG</subfield>
    <subfield code="d">2026-04-13</subfield>
    <subfield code="e">Donaci&#xF3;n BCN</subfield>
    <subfield code="l">0</subfield>
    <subfield code="o">983.003 I61 2025</subfield>
    <subfield code="p">3563000054687</subfield>
    <subfield code="r">2026-04-13 17:28:22</subfield>
    <subfield code="t">c.1</subfield>
    <subfield code="w">2026-04-13</subfield>
    <subfield code="y">MN</subfield>
  </datafield>
  <datafield tag="999" ind1=" " ind2=" ">
    <subfield code="c">16357</subfield>
    <subfield code="d">16357</subfield>
  </datafield>
</record>
